000 00569nam a2200229Ia 4500
003 OSt
005 20221005122145.0
006 a|||||r|||| 00| 0
007 ta
008 221004b |||||||| |||| 00| 0 eng d
024 _a34362
037 _cTextual
040 _aCRL
_cCRL
_beng
041 _2eng
_aeng
082 _aN553wM48, J3
100 _aGauguin Paul
_9604631
245 0 _aIntimate journals tr by Van Wyck Brooks
260 _c1953
650 _aARTS
942 _hN553wM48, J3
_cTEXL
_2cc
999 _c1043439
_d1043439